| 000 | 00699nam a2200193Ia 4500 | ||
|---|---|---|---|
| 003 | GCL | ||
| 008 | 140319s9999 xx 000 0 ara d | ||
| 040 |
_aGCL / _cGCL |
||
| 082 | 0 | 4 |
_a001.4 _bم م |
| 100 | 1 | _aمحمد فتحى عبدالهادى | |
| 245 | 1 | 0 |
_aالمصادر المرجعية للمعلومات فى العلوم الاجتماعية / _cمحمد فتحى عبدالهادى |
| 260 |
_aالقاهرة : _bدار غريب للطباعة والنشر والتوزيع ، _c1995 |
||
| 300 |
_a391 ص ؛ _c24 سم |
||
| 490 | _a | ||
| 650 | 0 | 4 | _aالمراجع |
| 650 | 0 | 4 | _aالمراجع العربية |
| 650 | 0 | 4 | _aالمراجع - ببليوجرافيات |
| 942 |
_2ddc _cBK |
||
| 999 |
_c44238 _d44238 |
||